| 000 | 01710nam a22004458i 4500 | ||
|---|---|---|---|
| 001 | 2024013094 | ||
| 003 | DLC | ||
| 005 | 20250429102416.0 | ||
| 008 | 240321s2024 wau b 001 0 eng | ||
| 010 | _a 2024013094 | ||
| 020 |
_a9781680516111 _q(paperback) |
||
| 020 |
_z9781680516128 _q(epub) |
||
| 035 | _a(OCoLC)1429725262 | ||
| 040 |
_aDNAL/DLC _beng _erda _cDLC |
||
| 042 | _apcc | ||
| 043 | _anr----- | ||
| 050 | 0 | 0 |
_aQH104.5.R6 _bM36 2024 |
| 070 | 0 |
_aQH104.5.R6 _bM38 2024 |
|
| 082 | 0 | 0 |
_a557.8 _223/eng/20240412 |
| 092 |
_ageneral nonfiction _b557.8 Mathews, Daniel |
||
| 100 | 1 |
_aMathews, Daniel, _d1948- _eauthor _96541677 |
|
| 245 | 1 | 0 |
_aRocky Mountain field guide : _ba trailside natural history / _cDaniel Mathews |
| 263 | _a2410 | ||
| 264 | 1 |
_aSeattle, WA : _bMountaineers Books, _c2024 |
|
| 300 | _apages cm | ||
| 336 | _atext | ||
| 337 | _aunmediated | ||
| 338 | _avolume | ||
| 504 | _aIncludes bibliographical references and index | ||
| 520 | _a"An engaging, comprehensive field guide to the natural wonders of the Rockies"-- | ||
| 530 | _aAlso available online | ||
| 650 | 0 |
_aMountain ecology _zRocky Mountains. _96541678 |
|
| 650 | 0 |
_aNatural areas _zRocky Mountains _vIdentification. _96541679 |
|
| 650 | 0 |
_aNatural history _zRocky Mountains. _96522978 |
|
| 650 | 0 |
_aMountain plants _zRocky Mountains _vIdentification. _96519053 |
|
| 650 | 0 |
_aMountain animals _zRocky Mountains _vIdentification. _96541680 |
|
| 655 | 0 |
_aField guides. _95969365 |
|
| 776 | 0 | 8 |
_iOnline version: _aMathews, Daniel, 1948- _tRocky Mountain field guide _dSeattle, WA : Mountaineers Books, 2024 _z9781680516128 _w(DLC) 2024013095 |
| 942 |
_2ddc _cBOOK |
||
| 999 |
_c406097 _d406097 |
||